Historia de la guerra desde la invasión hasta la victoria / (Record no. 98698)
[ view plain ]
| 000 -LEADER | |
|---|---|
| campo de control de longitud fija | 00773nam a2200241 i 4500 |
| 001 - NÚMERO DE CONTROL | |
| campo de control | 98698 |
| 003 - IDENTIFICADOR DE NÚMERO DE CONTROL | |
| campo de control | ES-MaACL |
| 005 - FECHA Y HORA DE LA ÚLTIMA TRANSACCIÓN | |
| campo de control | 20250712031718.0 |
| 007 - CAMPO FIJO DE DESCRIPCIÓN FÍSICA--INFORMACIÓN GENERAL | |
| campo de control de longitud fija | t| |
| 008 - DATOS DE LONGITUD FIJA--INFORMACIÓN GENERAL | |
| campo de control de longitud fija | 051020q19001999sp ||||1| spa d |
| 100 1# - ENTRADA PRINCIPAL--NOMBRE DE PERSONA | |
| Nombre de persona | Eisenhower, Dwight D. |
| 9 (RLIN) | 46858 |
| 245 10 - MENCIÓN DEL TÍTULO | |
| Título | Historia de la guerra desde la invasión hasta la victoria / |
| Mención de responsabilidad, etc. | General Eisenhower ; [traducción de J. Vallvé y F. Gutiérrez]. |
| 250 ## - MENCION DE EDICION | |
| Mención de edición | [4ª ed.]. |
| 260 ## - PUBLICACIÓN, DISTRIBUCIÓN, ETC. | |
| Lugar de publicación, distribución, etc. | Barcelona : |
| Nombre del editor, distribuidor, etc. | Mateu, |
| Fecha de publicación, distribución, etc. | [19-?] |
| 300 ## - DESCRIPCIÓN FÍSICA | |
| Extensión | 345 p., 7 lám. ; |
| Dimensiones | 19 cm. |
| 490 1# - MENCIÓN DE SERIE | |
| Mención de serie | Keops |
| 650 14 - PUNTO DE ACCESO ADICIONAL DE MATERIA--TÉRMINO DE MATERIA | |
| Término de materia o nombre geográfico como elemento de entrada | Guerra mundial, 1939-1945. |
| 9 (RLIN) | 13228 |
| 700 1# - ENTRADA AGREGADA--NOMBRE PERSONAL | |
| Nombre de persona | Vallvé, Juan. |
| 9 (RLIN) | 112960 |
| 700 1# - ENTRADA AGREGADA--NOMBRE PERSONAL | |
| Nombre de persona | Gutiérrez, Fernando, |
| Fechas asociadas al nombre | 1911-1984 |
| 9 (RLIN) | 156260 |
| 830 0# - PUNTO DE ACCESO ADICIONAL DE SERIE-TÍTULO UNIFORME | |
| Título uniforme | Keops |
| 9 (RLIN) | 187132 |
| 852 ## - LOCALIZACIÓN | |
| Ubicación | ES-MaACL |
| Número de control de estantería | C-11430 |
| Sublocalización o colección | R.39477 |
| Estatus retirado | Estado de pérdida | Estado de daño | No para préstamo | Colección | Biblioteca de origen | Biblioteca actual | Ubicación en estantería | Fecha de adquisición | Fuente de adquisición | Total de préstamos | Signatura topográfica completa | Código de barras | Visto por última vez | Precio de reemplazo | Tipo de ítem Koha |
|---|---|---|---|---|---|---|---|---|---|---|---|---|---|---|---|
| Libros del s. XIX | Biblioteca del Ateneo de Madrid | Biblioteca del Ateneo de Madrid | Sala Palomar | 17/01/2008 | C-11430 | 1103038 | 23/02/2023 | 23/02/2023 | Libro impreso antiguo |
